| 000 | 00820nam a2200277Ia 4500 | ||
|---|---|---|---|
| 003 | GCL | ||
| 008 | 140319s9999 xx 000 0 ara d | ||
| 040 |
_aGCL / _cGCL |
||
| 082 | 0 | 4 |
_a939 _bم ت |
| 100 | 1 | _aماسبيرو | |
| 245 | 1 | 0 |
_aتاريخ المشرق / _cماسبيرو |
| 700 | 1 | _aاحمد زكى | |
| 260 |
_aالقاهرة : _bالمطبعة الكبرى بالاميرية ، _c1897 |
||
| 300 |
_a234 ص ؛ _c19 سم |
||
| 490 | _a | ||
| 650 | 0 | 4 | _aتاريخ |
| 650 | 0 | 4 | _aايران |
| 650 | 0 | 4 | _aالعادات والتقاليد |
| 650 | 0 | 4 | _aمصر القديمة |
| 650 | 0 | 4 | _aالحضارة الفرعونية |
| 650 | 0 | 4 | _aالدين |
| 650 | 0 | 4 | _aبلاد الشام |
| 650 | 0 | 4 | _aالشرق الادنى |
| 650 | 0 | 4 | _aحضارة العراق القديمة |
| 942 |
_2ddc _cBK |
||
| 999 |
_c36868 _d36868 |
||